Welcome to the Holygrace Academy Library

Please use search bar below to get started

THE HARDY BOYS - THE GREAT ESCAPE (Record no. 7910)

MARC details
000 -LEADER
fixed length control field 01060nam a22001457a 4500
020 ## - INTERNATIONAL STANDARD BOOK NUMBER
ISBN 978-1-4814-2267-3
082 ## - DEWEY DECIMAL CLASSIFICATION NUMBER
Classification number 823
Item number DIX/H
100 ## - MAIN ENTRY--AUTHOR NAME
Personal name DIXON, FRANKLIN W
245 ## - TITLE STATEMENT
Title THE HARDY BOYS - THE GREAT ESCAPE
260 ## - PUBLICATION, DISTRIBUTION, ETC. (IMPRINT)
Place of publication NEW YORK
Name of publisher ALADDIN PAPERBACKS
Year of publication 2015
300 ## - PHYSICAL DESCRIPTION
Number of Pages 95
520 ## - SUMMARY, ETC.
Summary, etc When wildlife celebrities come to Bayport Elementary, Frank and Joe are soon on the case of a missing snake in this Hardy Brothers Secret Files adventure.Jumpin’ Jack and his son, Little Jim, have been on television for years, taming tigers and wrestling alligators, but now they’re bringing their traveling menagerie to schools—and Bayport Elementary is next! During the event, they show students a baby kangaroo, a boa constrictor, a flying squirrel and other exotic animals. Frank, Joe, and their friends are all having a great time, until they realize Bubba the Boa is missing! He’s not in his cage or in Jack’s giant van. Can they figure out what happened to this slippery snake before it’s too late?
650 ## - SUBJECT ADDED ENTRY--TOPICAL TERM
Topical Term MYSTERY
Geographic subdivision UNITED STATES
942 ## - ADDED ENTRY ELEMENTS (KOHA)
Koha item type Books
Holdings
Withdrawn status Lost status Collection code Home library Current library Shelving location Date acquired Source of acquisition Cost, normal purchase price Full call number Accession Number Koha item type
    Fiction Main Library Main Library NEW SHELF WITH NEW ENTRY 12/12/2023 purchase 150.00 823 DIX/H 13511 Books